00724nam a2200217Ia 4500003000400000005001700004008004100021020001800062040000700080041000800087082001500095100002500110245006200135260004200197300001700239365001300256906006400269942001200333999001900345952014200364OSt20230320110132.0210423s2011 xx 000 0 und d a9788120341791 cAL aeng a547.2 NARR aNARAIN (R P).943084 aFundamentals of reaction mechanisms in organic chemistry. aNew DelhibPHI Learning Pvt Ltdc2011 axiii,265bPB b275cINR achemistry. ; Fundamentals ; mechanisms ; organic ; reaction 2ddccBK c154840d154840 001040708GCaSACPGbSACPGd2011-07-09eAthulya Booksg275.00l1o547.2 NARRpPG001309r2022-08-24 00:00:00s2022-07-02w2021-04-26yBK